000
00311nam a2200109Ia 4500
005
20251222114401.0
008
251222s1900||||xx |||||||||||||| ||spa||
082
_a
DVD0091/B24/1992
245
0
_a
La vida humana: ¡Primera maravilla!
264
_b
Barocchi, Lucía. Centro Documentazione via Cavour.
942
_c
DVD
999
_c
1622
_d
1622